00597cam a22002291 4500001001300000003000400013005001700017008004100034010001700075035002000092040001800112042001200130050001600142100003800158245004900196260001100245300001900256500001400275504003100289650003000320999001700350sa 66002151 DLC20260227112227.0890711s1965 ii b 000 0 hino  asa 66002151  a(OCoLC)19990937 aDLCcWaUdDLC apremarc00aPK1939b.J51 aJhārī, Kr̥shṇadeva,d1927-10aRasa-śāstra aura sāhitya-samīkshā. c[1965] a236 p.c22 cm. aIn Hindi. aBibliographical footnotes. 0aHindi languagexRhetoric. c68178d68178